UM Logo
Normal view MARC view
  • Klahr, David.

Entry Personal Name

Number of records used in: 1

001 - CONTROL NUMBER

  • control field: 48846

003 - CONTROL NUMBER IDENTIFIER

  • control field: OSt

005 - DATE AND TIME OF LATEST TRANSACTION

  • control field: 20230829144235.0

008 - FIXED-LENGTH DATA ELEMENTS

  • fixed length control field: 230829|| aca||aabn | a|a d

040 ## - CATALOGING SOURCE

  • Original cataloging agency: OSt
  • Transcribing agency: OSt

100 ## - HEADING--PERSONAL NAME

  • Personal name: Klahr, David.
  • Relator term: author.

670 ## - SOURCE DATA FOUND

  • Source citation: Work cat.: (OSt): Martella, Amedee Marchand. author. 48843, The relative effectiveness of different active learning implementations in teaching elementary school students how to design simple experiments /, November 2020.